000 00743nas a2200241 4500
001 BR7904891
003 BR-BrBNA
005 20231205083850.0
007 ta
008 230509b bl.|||p| |||| 00| 00por d
040 _aBR-BrBNA
_bpor
_cBiblioteca Nacional de Agricultura
041 _a(Pt)
072 _aE15
100 1 _aDias, J.C.
245 1 _aA pecuaria leiteira em moldes ate hoje nunca praticados [Microeconomia; Fazenda; Gado leiteiro]
650 _aMicroeconomia
650 _aGado leiteiro
650 _aFazenda
650 _aAdministracao rural
773 0 _tRevista dos Criadores (Brazil)
_xISSN 0034-9259
_g(Jun 1979), v. 49(593) p. 30-36
_wBR7904891
909 _a202311
_bLúcia
_c55
_dLúcia Elande
942 _2AGRIS
_n0
_cANA
999 _c101683
_d101683